000 00484nam a2200181 4500
001 26907
005 20230411085954.0
008 060907n1993 dr spa
020 _a8420627607
035 _9funglode27111
041 _aES
100 _aGiddens, Anthony
245 1 _aConsecuencias de la modernidad /
_cAnthony Giddens
260 _aMadrid :
_bAlianza Editorial,
_c1993
300 _a166 p.
440 _aCol. Alianza Universidad ;
_v760
942 _2lcc
_cbk
999 _c110243
_d110243